[Event "ch-FRA Blitz Online Qual"]
[Site "Europe-Chess INT"]
[Date "2020.05.16"]
[Round "14"]
[White "Krajewski, Thomas"]
[Black "Kuhn, Mathilde"]
[Result "0-1"]
[WhiteElo "1273"]
[BlackElo "1764"]
[WhiteFideId "45103429"]
[BlackFideId "36099783"]
[EventDate "2020.05.16"]

1. e4 c5 2. Nf3 d6 3. c3 Nf6 4. d3 e6 5. Bg5 Be7 6. Nbd2 Bd7 7. Be2 Bc6 8. O-O
O-O 9. Bxf6 Bxf6 10. d4 cxd4 11. cxd4 Qb6 12. Nc4 Qc7 13. d5 exd5 14. exd5 Bb5
15. Qb3 Bxc4 16. Bxc4 Nd7 17. Rac1 Nc5 18. Qb4 a5 19. Qb5 Ra6 20. a3 Rb6 21.
Qxa5 Rc8 22. b4 Nd7 23. Bb5 Qxc1 24. Rxc1 Rxc1+ 25. Bf1 h6 26. g3 Ra6 27. Qb5
Ne5 28. Nxe5 Bxe5 29. Qxb7 Rxa3 30. Kg2 Rac3 31. Be2 R1c2 32. Bh5 g6 33. Bg4 h5
34. Bf3 Bd4 35. b5 Rxf2+ 36. Kh3 Rfxf3 37. Qb8+ Kg7 38. Qxd6 Rb3 39. b6 Rxb6 40.
Qc7 Rb2 41. d6 Rff2 42. Kh4 Rxh2+ 43. Kg5 Be3# 0-1

[Event "ch-FRA Blitz Online Qual"]
[Site "Europe-Chess INT"]
[Date "2020.05.16"]
[Round "14"]
[White "Daude, Alexandre"]
[Black "Hwang, Daniel"]
[Result "0-1"]
[WhiteElo "1518"]
[BlackElo "1557"]
[WhiteFideId "45102660"]
[BlackFideId "45136890"]
[EventDate "2020.05.16"]

1. e4 e5 2. Bc4 Nf6 3. d4 d5 4. exd5 Nxd5 5. dxe5 Be6 6. Bxd5 Qxd5 7. Nf3 Qxd1+
8. Kxd1 Nc6 9. Nc3 O-O-O+ 10. Ke2 Bg4 11. Be3 Nxe5 12. Bxa7 b6 13. Rad1 Bc5 14.
Rd5 Nxf3 15. gxf3 Rhe8+ 16. Kd2 Bxf3 17. Rxd8+ Rxd8+ 18. Ke1 Bb4 19. Kf1 Bxc3
20. bxc3 Rd1# 0-1

[Event "ch-FRA Blitz Online Qual"]
[Site "Europe-Chess INT"]
[Date "2020.05.16"]
[Round "14"]
[White "Abiven, Pierre-Louis"]
[Black "Lesage, Margot"]
[Result "1-0"]
[WhiteElo "1200"]
[BlackElo "1598"]
[WhiteFideId "45168016"]
[BlackFideId "45137013"]
[EventDate "2020.05.16"]

1. e4 c5 2. Nf3 Nc6 3. Bc4 g6 4. d4 cxd4 5. Nxd4 Bg7 6. Be3 Nf6 7. Nxc6 bxc6 8.
Nc3 O-O 9. O-O Rb8 10. Bb3 Ba6 11. Re1 Qc7 12. Qf3 e6 13. Red1 d5 14. exd5 cxd5
15. Bf4 e5 16. Bg5 d4 17. Bxf6 dxc3 18. Bxg7 Kxg7 19. Qxc3 Qe7 20. Re1 Rfe8 21.
f4 f6 22. fxe5 fxe5 23. Re3 Qg5 24. Rae1 Bb7 25. Rg3 Qf5 26. Rf1 Qe4 27. Qf3
Qd4+ 28. Qf2 Qxb2 29. Qf7+ Kh8 30. Qf6# 1-0

[Event "ch-FRA Blitz Online Qual"]
[Site "Europe-Chess INT"]
[Date "2020.05.16"]
[Round "14"]
[White "Drieu, Hugo"]
[Black "Quenehen, Nassim"]
[Result "1-0"]
[WhiteElo "1425"]
[BlackElo "1322"]
[WhiteFideId "45170738"]
[BlackFideId "45154198"]
[EventDate "2020.05.16"]

1. e4 e5 2. Nf3 c6 3. Nxe5 d5 4. exd5 Qxd5 5. d4 Nd7 6. Nf3 Ngf6 7. Be3 Bb4+ 8.
Bd2 Bxd2+ 9. Qxd2 O-O 10. Nc3 Qe6+ 11. Qe3 Qxe3+ 12. fxe3 Nb6 13. O-O-O Nbd5 14.
Nxd5 Nxd5 15. e4 Ne3 16. Re1 Nxf1 17. Rhxf1 Bg4 18. h3 Bxf3 19. Rxf3 Rad8 20. c3
Rfe8 21. e5 f6 22. Rfe3 fxe5 23. Rxe5 Rxe5 24. Rxe5 Kf7 25. Kd2 Re8 26. Re3 Rxe3
27. Kxe3 Ke6 28. Ke4 g5 29. g4 h6 30. c4 b5 31. d5+ cxd5+ 32. cxd5+ Kd6 33. Kd4
a5 34. a3 a4 35. Ke4 Kc5 36. Ke5 Kc4 37. d6 Kb3 38. d7 Kxb2 39. d8=Q Kxa3 40.
Qd3+ Kb4 41. Kf6 a3 42. Qb1+ Ka4 43. Kg6 b4 44. Kxh6 b3 45. Qe4+ Ka5 46. Qd5+
Ka4 47. Qc4+ Ka5 48. Qxb3 a2 49. Qxa2+ Kb4 50. Kxg5 Kb5 51. Kf5 Kc5 52. Ke5 Kc6
53. Qd5+ Kc7 54. Qd6+ Kb7 55. g5 Ka8 56. Qd7 Kb8 57. g6 Ka8 58. g7 Kb8 59. g8=Q# 1-0

[Event "ch-FRA Blitz Online Qual"]
[Site "Europe-Chess INT"]
[Date "2020.05.16"]
[Round "14"]
[White "Ghazaryan, Gor"]
[Black "Varin, Timeo"]
[Result "1-0"]
[WhiteElo "1431"]
[BlackElo "1287"]
[WhiteFideId "45137595"]
[BlackFideId "45117527"]
[EventDate "2020.05.16"]

1. e4 e5 2. Nf3 Nc6 3. Bc4 Nf6 4. Ng5 d5 5. exd5 Na5 6. Bb5+ c6 7. dxc6 bxc6 8.
Ba4 h6 9. Nf3 e4 10. Qe2 Be7 11. Ne5 Qd4 12. Bxc6+ Nxc6 13. Nxc6 Qc5 14. Nxe7
Qxe7 15. O-O O-O 16. d3 Qd6 17. dxe4 Ba6 18. c4 Rac8 19. b3 Rfe8 20. Nc3 Qd4 21.
Bb2 Nxe4 22. Nxe4 Qxe4 23. Qxe4 Rxe4 24. Rfe1 Rxe1+ 25. Rxe1 Rc7 26. h3 Kh7 27.
Re5 Kg6 28. Bd4 Rd7 29. Be3 f6 30. Ra5 Bc8 31. Rxa7 Rd1+ 32. Kh2 Ra1 33. c5 Kf5
34. c6 Ke6 35. c7 Kd7 36. Bd4 Rd1 37. Be3 Ra1 38. b4 Rb1 39. Bd2 Rb2 40. Bc3 Rb1
41. Bd2 Kc6 42. Bf4 Rxb4 43. Ra8 Kd7 44. a4 Rxf4 45. a5 Kxc7 46. a6 Ra4 47. a7
Kb7 48. Rb8+ Kxa7 49. Rxc8 Ra2 50. Kg3 Kb6 51. Rg8 Ra7 52. Kg4 Kc6 53. Kf5 Kd6
54. Kg6 Ra2 55. Rxg7 Rxf2 56. Kxh6 Ke6 57. h4 Kf5 58. h5 Rb2 59. Rg6 Rb7 60. Rg7
Rb8 61. Kh7 Rf8 62. h6 Re8 63. Rg8 Re7+ 64. Kh8 Ke5 65. h7 f5 66. Rg5 Re8+ 67.
Kg7 Re7+ 68. Kh6 Re8 69. Rg8 Re6+ 70. Kg5 Ra6 71. h8=Q+ Ke4 72. Re8+ Kd3 73.
Qh3+ Kd2 74. Qxf5 Kc3 75. Qc8+ Kd4 76. Qxa6 Kc3 77. Rd8 Kb2 78. Qc6 Kb3 79. Rb8+
Ka2 80. Qa6# 1-0

[Event "ch-FRA Blitz Online Qual"]
[Site "Europe-Chess INT"]
[Date "2020.05.16"]
[Round "14"]
[White "Weber, Richard"]
[Black "Negre, Maxime"]
[Result "1-0"]
[WhiteElo "1463"]
[BlackElo "1105"]
[WhiteFideId "644382"]
[BlackFideId "45187231"]
[EventDate "2020.05.16"]

1. d4 d5 2. Nc3 Bg4 3. f3 Bh5 4. Bf4 e6 5. e3 Nc6 6. a3 Bd6 7. Nge2 Nf6 8. Ng3
Bxf4 9. exf4 Bg6 10. Bb5 Qd6 11. Bxc6+ Qxc6 12. O-O O-O 13. Qd2 h6 14. Rfe1 Qb6
15. b3 c5 16. Na4 Qc6 17. Nxc5 b6 18. Nd3 Qb5 19. Rac1 Qa6 20. a4 Rac8 21. Ne5
Bh7 22. c4 dxc4 23. Nxc4 b5 24. axb5 Qxb5 25. Nd6 Qb6 26. Rxc8 Rxc8 27. Nxc8 Qc7
28. Rc1 Qd7 29. Qb4 Bg6 30. Ne7+ Kh7 31. Nxg6 Kxg6 32. Qd2 Kh7 33. Ne4 Nxe4 34.
fxe4 Qd6 35. Qe3 f6 36. e5 fxe5 37. fxe5 Qd7 38. Qe4+ Kh8 39. Rf1 Qe7 40. Qa8+
Kh7 41. Qf8 Qd7 42. Qf4 a6 43. h3 a5 44. Qe4+ Kg8 45. Ra1 Qc7 46. Rxa5 Qxa5 47.
Kh2 Qb4 48. Qd3 Qb6 49. Qc4 Kf7 50. b4 g5 51. b5 Kg6 52. Qd3+ Kg7 53. g4 Kg8 54.
Qc4 Kg7 55. Qc5 Qb7 56. Qc6 Qb8 57. b6 Kg6 58. Qc7 Qh8 59. b7 Qf8 60. Kg2 Qf4
61. Qc2+ Kg7 62. b8=Q Qxd4 63. Qbc7+ Kg8 64. Qg6+ Kf8 65. Qgf7# 1-0

[Event "ch-FRA Blitz Online Qual"]
[Site "Europe-Chess INT"]
[Date "2020.05.16"]
[Round "14"]
[White "Trimbitasu, Elyas"]
[Black "Nezosi, Constantin"]
[Result "0-1"]
[WhiteElo "1175"]
[BlackElo "1458"]
[WhiteFideId "551013410"]
[BlackFideId "36066974"]
[EventDate "2020.05.16"]

1. e4 d6 2. Nf3 Nf6 3. Nc3 g6 4. d4 Bg7 5. e5 dxe5 6. dxe5 Qxd1+ 7. Kxd1 Ng4 8.
Ke2 Nxe5 9. Nxe5 Bxe5 10. f4 Bg7 11. Kd1 O-O 12. Bd2 Bg4+ 13. Be2 Bxe2+ 14. Kxe2
Nc6 15. Rae1 Nd4+ 16. Kd1 e6 17. Kc1 Rad8 18. Be3 c5 19. Bxd4 Bxd4 20. Nb5 a6
21. Nxd4 Rxd4 22. Rd1 Rfd8 23. c3 Rxd1+ 24. Rxd1 Rxd1+ 25. Kxd1 Kg7 26. Kc2 Kf6
27. Kb3 Kf5 28. Kc4 b6 29. g3 Kg4 30. Kd3 Kh3 31. Ke4 Kxh2 32. Ke5 Kxg3 33. Kf6
Kxf4 34. Kxf7 h5 35. Kxe6 h4 36. Kf6 h3 37. Kxg6 h2 38. b3 h1=Q 39. a3 Qb1+ 0-1

[Event "ch-FRA Blitz Online Qual"]
[Site "Europe-Chess INT"]
[Date "2020.05.16"]
[Round "14"]
[White "Rieger, Lylian"]
[Black "Ninin, Gabriel"]
[Result "0-1"]
[WhiteElo "1148"]
[BlackElo "1426"]
[WhiteFideId "551000105"]
[BlackFideId "45169756"]
[EventDate "2020.05.16"]

1. e4 d5 2. exd5 Nf6 3. Nc3 Nxd5 4. Nxd5 Qxd5 5. Nf3 Bg4 6. Be2 Nc6 7. h3 Qh5 8.
O-O O-O-O 9. hxg4 Qxg4 10. Nd4 Qxd4 11. Bg4+ e6 12. c3 Qf6 13. d4 Bd6 14. Be3 h5
15. Bf3 h4 16. Re1 h3 17. gxh3 Rxh3 18. Kf1 Rxf3 19. a4 e5 20. dxe5 Bxe5 21. Qc2
Rh3 22. b4 Qf3 0-1

[Event "ch-FRA Blitz Online Qual"]
[Site "Europe-Chess INT"]
[Date "2020.05.16"]
[Round "14"]
[White "Brunet-Moret, Leopold"]
[Black "Hilton, Marc"]
[Result "0-1"]
[WhiteElo "1109"]
[BlackElo "1546"]
[WhiteFideId "551078201"]
[BlackFideId "36086983"]
[EventDate "2020.05.16"]

1. d4 Nf6 2. Bg5 e6 3. e4 Be7 4. Nc3 O-O 5. Nf3 h6 6. Bxf6 Bxf6 7. e5 Be7 8. g3
d6 9. Bg2 Nd7 10. O-O dxe5 11. Nxe5 Nxe5 12. dxe5 Qxd1 13. Raxd1 c6 14. a3 Rd8
15. Rxd8+ Bxd8 16. Rd1 Bc7 17. f4 Rb8 18. Ne4 Bb6+ 19. Kf1 c5 20. Nd6 Bd7 21.
Nxb7 Bb5+ 22. Ke1 c4 23. Nd6 Ba6 24. Kd2 Bd4 25. c3 Rxb2+ 26. Ke1 Bxc3+ 27. Kf1
Ba5 28. Ne4 Bb6 29. Nc3 Rf2+ 30. Ke1 Rxg2 31. Na4 Rg1+ 32. Kd2 Ba5+ 33. Kc2 Rg2+
34. Kb1 c3 35. Rc1 Bd3+ 36. Ka1 c2 37. Nc5 Bd2 38. Nxd3 Bxc1 39. Nxc1 Rxh2 40.
Kb2 Rh3 41. Kxc2 Rxg3 42. Nd3 Rf3 43. Kc3 h5 44. Kd4 h4 45. Ke4 Rg3 46. Nf2 h3
47. Kd4 h2 48. Ke4 Rg2 49. Nh1 Ra2 50. Kf3 Rxa3+ 51. Kg2 Ra2+ 52. Kh3 a5 53. Kg3
a4 54. Kf3 a3 55. Ke3 Ra1 56. Nf2 h1=Q 57. Nxh1 Rxh1 58. Kd3 a2 0-1

[Event "ch-FRA Blitz Online Qual"]
[Site "Europe-Chess INT"]
[Date "2020.05.16"]
[Round "14"]
[White "Barbaggi, Sasha"]
[Black "Menoux, Abel"]
[Result "0-1"]
[WhiteElo "1375"]
[BlackElo "1141"]
[WhiteFideId "551018780"]
[BlackFideId "36087173"]
[EventDate "2020.05.16"]

1. e4 c6 2. Nc3 d5 3. Nf3 dxe4 4. Nxe4 Bf5 5. Ng3 Bg6 6. d4 Nf6 7. Be3 h6 8. Bd3
Bxd3 9. Qxd3 e6 10. O-O Nbd7 11. Ne4 Nxe4 12. Qxe4 c5 13. dxc5 Bxc5 14. Qxb7
Bxe3 15. fxe3 Rb8 16. Qxa7 Rxb2 17. Rad1 Rxc2 18. Ne5 Rc7 19. Qa4 f6 20. Nxd7
Rxd7 21. Rd2 Ke7 22. Rxd7+ Qxd7 23. Qxd7+ Kxd7 24. a4 Ra8 25. Ra1 Kc6 26. Kf2
Kc5 27. a5 Kb5 28. Kg3 Rxa5 29. Rxa5+ Kxa5 30. Kg4 g6 31. Kf4 Kb5 32. e4 e5+ 33.
Ke3 Kc4 34. h4 Kc3 35. g4 Kc4 36. h5 g5 37. Ke2 Kd4 38. Kf3 Kd3 39. Kg3 Kxe4 40.
Kh3 Kf4 41. Kh2 e4 42. Kg2 e3 43. Kf1 Kxg4 44. Ke2 Kf4 45. Ke1 Kf3 46. Kf1 f5
47. Ke1 e2 48. Kd2 Kf2 49. Kc3 e1=Q+ 50. Kc4 f4 51. Kd5 Kg2 52. Kd6 f3 53. Kd5
f2 54. Kd4 f1=Q 55. Kd5 Qd3+ 56. Kc6 Qc1+ 57. Kb6 Qdb1+ 58. Ka5 Qa3# 0-1

[Event "ch-FRA Blitz Online Qual"]
[Site "Europe-Chess INT"]
[Date "2020.05.16"]
[Round "14"]
[White "Pernoud, Claire"]
[Black "Fronius, Lino"]
[Result "0-1"]
[WhiteElo "1428"]
[BlackElo "1313"]
[WhiteFideId "663018"]
[BlackFideId "36050083"]
[EventDate "2020.05.16"]

1. e4 e5 2. Nf3 Nc6 3. Bb5 Bc5 4. O-O d6 5. Re1 Bg4 6. h3 Bh5 7. c3 a6 8. Bxc6+
bxc6 9. d3 Nf6 10. Nbd2 h6 11. Qb3 Bb6 12. d4 exd4 13. cxd4 O-O 14. e5 dxe5 15.
dxe5 Nd5 16. Nc4 Ba7 17. Be3 Nxe3 18. Nxe3 Bxf3 19. gxf3 Qh4 20. Kg2 Rfe8 21.
Qc3 Re6 22. Rad1 Rg6+ 23. Kf1 Qxh3+ 24. Ke2 Qe6 25. f4 Bxe3 26. fxe3 Rg2+ 27.
Kf3 Qg4+ 28. Ke4 f5+ 29. exf6 Re8+ 30. Kd3 Qg6+ 31. e4 Rg3+ 32. Re3 Rxe3+ 33.
Kxe3 Rxe4+ 34. Kd2 Qg2+ 35. Kc1 Qe2 36. Qb3+ Rc4+ 37. Kb1 Qe4+ 38. Ka1 Kh7 39.
f7 Qxf4 40. f8=Q Rc1+ 41. Rxc1 Qxc1# 0-1

[Event "ch-FRA Blitz Online Qual"]
[Site "Europe-Chess INT"]
[Date "2020.05.16"]
[Round "14"]
[White "Rigaud-Retourne, Mael"]
[Black "Sayah-Hobon, Noah"]
[Result "1-0"]
[WhiteElo "1103"]
[BlackElo "1364"]
[WhiteFideId "45167478"]
[BlackFideId "551015609"]
[EventDate "2020.05.16"]

1. e4 e5 2. Nf3 Nc6 3. Bc4 Nd4 4. Nxd4 exd4 5. c3 dxc3 6. Nxc3 Bb4 7. d4 Ne7 8.
Bxf7+ Kxf7 9. Qb3+ Ke8 10. Qxb4 d6 11. O-O Nc6 12. Qb3 Qe7 13. Nd5 Qf7 14. Be3
Be6 15. Rac1 Kd7 16. Qb5 a6 17. Qb3 Rae8 18. Qxb7 Bxd5 19. exd5 Qxd5 20. Qxa6
Re6 21. Rfe1 Rhe8 22. Qb7 Rg6 23. g3 Rb8 24. Qa6 Rxb2 25. a4 Nb8 26. Qa7 Rb7 27.
Qa8 Qf3 28. Qa5 Nc6 29. Qc3 Rf6 30. Rf1 Rb4 31. Rfd1 Rxa4 32. d5 Ne5 33. Qxc7+
Ke8 34. Qc8+ Kf7 35. Qc7+ Kg6 36. Qc2+ Re4 37. Rd4 Nd3 38. Qxd3 Kf7 39. Qxe4
Qxe4 40. Rxe4 Rf3 41. Rc7+ Kf6 42. Rf4+ Rxf4 43. Bxf4 Kf5 44. Bxd6 Ke4 45. Bb4
Kxd5 46. Rd7+ Ke6 47. Rxg7 Kf6 48. Rxh7 Kg6 49. Ra7 Kf6 50. h4 Ke6 51. h5 Kf6
52. h6 Kg6 53. Ra6+ Kh7 54. Bc3 Kg8 55. Rg6+ Kh7 56. Rg7+ Kxh6 57. f4 Kh5 58. f5
Kh6 59. f6 Kh5 60. f7 Kh6 61. f8=Q Kh5 62. Qh8# 1-0

[Event "ch-FRA Blitz Online Qual"]
[Site "Europe-Chess INT"]
[Date "2020.05.16"]
[Round "14"]
[White "Lequang, Enzo"]
[Black "Anas, Raphael"]
[Result "1-0"]
[WhiteElo "1068"]
[BlackElo "1421"]
[WhiteFideId "551052911"]
[BlackFideId "45115770"]
[EventDate "2020.05.16"]

1. e4 e5 2. Nf3 Nc6 3. Nc3 Nf6 4. Bc4 Bc5 5. d3 h6 6. Be3 Bb6 7. O-O d6 8. Re1
Bg4 9. h3 Bh5 10. Qd2 Bxf3 11. gxf3 Nh5 12. Kh2 Bxe3 13. fxe3 Qh4 14. Rg1 Ne7
15. Rg4 Qf6 16. Qe2 Ng6 17. Nd5 Qd8 18. Rag1 Qd7 19. Qg2 O-O-O 20. Rxg6 fxg6 21.
Qxg6 Nf6 22. Nxf6 gxf6 23. Qxf6 Kb8 24. Rg7 Qa4 25. Bb3 Qb4 26. c3 Qb5 27. Qe7
Rc8 28. Be6 Qxb2+ 29. Rg2 Qxg2+ 30. Kxg2 Rce8 31. Qf7 Rhf8 32. Qg6 Re7 33. Kh2
Ree8 34. Bb3 a6 35. Qxh6 Rh8 36. Qg5 Ref8 37. f4 Rd8 38. fxe5 dxe5 39. d4 exd4
40. exd4 Rd7 41. Qf5 Rdh7 42. Kg2 Rh4 43. e5 Rg8+ 44. Kf3 Rhh8 45. Bxg8 Rxg8 46.
e6 Re8 47. Qf7 Rc8 48. e7 Ka7 49. e8=Q Rxe8 50. Qxe8 c6 51. h4 Kb6 52. h5 a5 53.
h6 Kb5 54. h7 b6 55. h8=Q a4 56. Qhe5+ Kc4 57. Qxc6+ Kd3 58. Qe2# 1-0

[Event "ch-FRA Blitz Online Qual"]
[Site "Europe-Chess INT"]
[Date "2020.05.16"]
[Round "14"]
[White "Sepahpour, Shervine"]
[Black "Chen, Zhiyue Dashan"]
[Result "1-0"]
[WhiteElo "1398"]
[BlackElo "1119"]
[WhiteFideId "45150478"]
[BlackFideId "551034930"]
[EventDate "2020.05.16"]

1. d4 Nf6 2. c4 e6 3. Nf3 d5 4. Nc3 Bb4 5. e3 Nc6 6. Bd3 Bxc3+ 7. bxc3 dxc4 8.
Bxc4 O-O 9. O-O Qe7 10. Qc2 Bd7 11. Bd3 Nd5 12. e4 Nf6 13. Bg5 h6 14. Bh4 g5 15.
Bg3 Rac8 16. h4 g4 17. Ne5 Nxe5 18. Bxe5 Bc6 19. Qe2 Kh7 20. Bxf6 Qxf6 21. e5+
Kg7 22. exf6+ Kxf6 23. Qxg4 Ke7 24. Rfe1 Kd8 25. Bc4 Ke7 26. Bxe6 Kd6 27. Qf4+
Ke7 28. Qe5 f6 29. Qc5+ Kd8 30. Qxf8+ Be8 31. Qxf6# 1-0

[Event "ch-FRA Blitz Online Qual"]
[Site "Europe-Chess INT"]
[Date "2020.05.16"]
[Round "14"]
[White "Meyssirel, Tom"]
[Black "Negre, Emilie"]
[Result "1-0"]
[WhiteElo "1333"]
[BlackElo "1438"]
[WhiteFideId "45197245"]
[BlackFideId "45187223"]
[EventDate "2020.05.16"]

1. c4 e5 2. Nc3 Nf6 3. g3 d5 4. cxd5 Nxd5 5. Bg2 c6 6. Nf3 Bd6 7. O-O O-O 8. d4
exd4 9. Qxd4 Nf6 10. Bg5 c5 11. Qd3 h6 12. Bxf6 Qxf6 13. Rfd1 Rd8 14. Ne4 Qe7
15. Nxd6 c4 16. Nxc8 Rxc8 17. Qc3 b5 18. Rd2 b4 19. Qc2 Nd7 20. Rad1 Nf6 21. Nd4
Rab8 22. Nf5 Qe6 23. Rd6 Qe8 24. R6d2 Qe6 25. Nd4 Qe8 26. b3 c3 27. Rd3 Qe7 28.
Nc6 Rxc6 29. Bxc6 Qc7 30. Ba4 Qa5 31. e3 Qb6 32. Rd6 Qc7 33. e4 Ne8 34. Bxe8
Rxe8 35. Rd7 Qb6 36. R1d4 a5 37. R4d6 Qb5 38. Rd8 a4 39. Rxe8+ Qxe8 40. bxa4 Qb8
41. e5 f6 42. Qd3 Kf7 43. e6+ Kg8 44. Rd8+ Qxd8 45. Qxd8+ Kh7 46. Qc8 Kg6 47. e7
Kf7 48. e8=Q# 1-0

[Event "ch-FRA Blitz Online Qual"]
[Site "Europe-Chess INT"]
[Date "2020.05.16"]
[Round "14"]
[White "Langer, Karele"]
[Black "Kvashyna, Tetyana"]
[Result "0-1"]
[WhiteElo "1282"]
[BlackElo "1764"]
[WhiteFideId "551017938"]
[BlackFideId "641510"]
[EventDate "2020.05.16"]

1. d4 d5 2. c4 e6 3. cxd5 exd5 4. Nc3 c6 5. Nf3 Nf6 6. Bg5 Be7 7. e3 Be6 8. Bd3
Nbd7 9. O-O O-O 10. Qc2 h6 11. Bh4 Re8 12. Ne5 Nxe5 13. dxe5 Nd7 14. Bxe7 Qxe7
15. Bh7+ Kh8 16. Bd3 Nxe5 17. Be2 Qh4 18. g3 Qh3 19. Qd1 Bg4 20. Bxg4 Nxg4 21.
Re1 Qxh2+ 22. Kf1 Qxf2# 0-1

[Event "ch-FRA Blitz Online Qual"]
[Site "Europe-Chess INT"]
[Date "2020.05.16"]
[Round "14"]
[White "Fernandez, Maylis"]
[Black "Guigay, Joel"]
[Result "0-1"]
[WhiteElo "1165"]
[BlackElo "1315"]
[WhiteFideId "45148511"]
[BlackFideId "45174016"]
[EventDate "2020.05.16"]

1. e4 e5 2. Nf3 Nc6 3. d4 exd4 4. Nxd4 d6 5. Nxc6 bxc6 6. Be2 Nf6 7. Nc3 Be7 8.
O-O Bb7 9. Bg5 O-O 10. a3 a6 11. b4 Qd7 12. Bxf6 Bxf6 13. Bg4 Qe7 14. Re1 Bxc3
15. Re3 Bxa1 16. Qxa1 Rad8 17. Rg3 f6 18. h3 Qe5 19. Qxe5 dxe5 20. c4 Rd4 21. c5
Rxe4 22. Bf3 Re1+ 23. Kh2 Rd8 24. Bg4 Kf8 25. Bh5 g6 26. Bg4 f5 27. Bf3 e4 0-1

[Event "ch-FRA Blitz Online Qual"]
[Site "Europe-Chess INT"]
[Date "2020.05.16"]
[Round "14"]
[White "Flores, Christophe"]
[Black "Frazao, Pascal"]
[Result "1-0"]
[WhiteElo "1332"]
[BlackElo "1165"]
[WhiteFideId "45163758"]
[BlackFideId "45127557"]
[EventDate "2020.05.16"]

1. e4 e5 2. Nf3 d6 3. d4 Nc6 4. dxe5 dxe5 5. Qxd8+ Nxd8 6. Nxe5 Bb4+ 7. c3 Bd6
8. Nf3 Nf6 9. e5 Bxe5 10. Nxe5 O-O 11. Bc4 Ne6 12. O-O b6 13. Be3 a5 14. Nd2 Rd8
15. Rad1 Ba6 16. Bxa6 Rxa6 17. Nc6 Re8 18. Nd4 Nxd4 19. Bxd4 Raa8 20. Rfe1 Rf8
21. Nf3 Nd5 22. Ne5 f6 23. Nf3 Rad8 24. Nh4 c5 25. Be3 Nxe3 26. fxe3 Rxd1 27.
Rxd1 Re8 28. Re1 Re4 29. Nf5 g6 30. Nd6 Ra4 31. a3 Rg4 32. h3 Rg5 33. Kf2 Rd5
34. Nc4 Rf5+ 35. Ke2 Rg5 36. g4 f5 37. gxf5 Rxf5 38. Nxb6 g5 39. Rf1 Re5 40. Nc4
Re7 41. Nxa5 1-0

[Event "ch-FRA Blitz Online Qual"]
[Site "Europe-Chess INT"]
[Date "2020.05.16"]
[Round "14"]
[White "Lebrun, Mathieu"]
[Black "Courcelle, Victor"]
[Result "0-1"]
[WhiteElo "1177"]
[BlackElo "1314"]
[WhiteFideId "36094099"]
[BlackFideId "45177392"]
[EventDate "2020.05.16"]

1. e4 c5 2. d3 Nc6 3. g3 Nf6 4. f4 e6 5. Nf3 Be7 6. Bg2 O-O 7. Nc3 d5 8. e5 Nd7
9. d4 c4 10. g4 Bh4+ 11. Ke2 f5 12. g5 Bxg5 13. Nxg5 Nb6 14. Be3 Bd7 15. h4 h6
16. Nf3 Be8 17. h5 Bf7 18. Kd2 Qe8 19. Ng1 a5 20. Qf3 a4 21. a3 Na5 22. Nge2 Nc6
23. Rag1 Qd7 24. Bh3 Nd8 25. Qg3 Be8 26. Qg2 Rf7 27. Qg3 Re7 28. Bf1 Nc6 29. Nb5
Na5 30. Nd6 Nc6 31. Nc3 Nd8 0-1

[Event "ch-FRA Blitz Online Qual"]
[Site "Europe-Chess INT"]
[Date "2020.05.16"]
[Round "14"]
[White "Zanin, Sylvie"]
[Black "Citores, Mathis"]
[Result "0-1"]
[WhiteElo "1001"]
[BlackElo "1288"]
[WhiteFideId "45115532"]
[BlackFideId "45148350"]
[EventDate "2020.05.16"]

1. e4 e5 2. Nf3 Nc6 3. Bc4 Bc5 4. d3 Nf6 5. Nc3 d6 6. h3 O-O 7. g4 Be6 8. g5 Nd7
9. h4 Bxc4 10. dxc4 Nd4 11. Nd5 f6 12. gxf6 Nxf6 13. c3 Nxd5 14. Nxd4 exd4 15.
Rg1 dxc3 16. Qxd5+ Rf7 17. bxc3 Bxf2+ 18. Kd2 Bxg1 19. Kc2 c6 20. Qd1 Bc5 21.
Bg5 Qd7 22. Qe2 Rf2 23. Qxf2 Bxf2 24. Rf1 Bc5 25. Kb3 d5 26. exd5 cxd5 27. Rd1
dxc4+ 28. Kc2 Qf5+ 29. Kb2 Re8 30. a4 Qf2+ 31. Kb1 Re1 32. Rc1 Rxc1+ 33. Kxc1
Ba3+ 34. Kb1 Qb2# 0-1

[Event "ch-FRA Blitz Online Qual"]
[Site "Europe-Chess INT"]
[Date "2020.05.16"]
[Round "14"]
[White "Molines, Martin"]
[Black "Bachy, Louis"]
[Result "0-1"]
[WhiteElo "1033"]
[BlackElo "1264"]
[WhiteFideId "45191298"]
[BlackFideId "45161178"]
[EventDate "2020.05.16"]

1. e4 c5 2. Nf3 d6 3. d4 cxd4 4. Nxd4 Nf6 5. Nc3 g6 6. Bf4 e5 7. Bg5 exd4 8.
Qxd4 Bg7 9. Bxf6 Qxf6 10. Qxf6 Bxf6 11. Bd3 Bxc3+ 12. bxc3 Nc6 13. O-O O-O 14.
Rfe1 Re8 15. Rab1 Ne5 16. Bb5 Re7 17. f4 Nd7 18. Red1 0-1

[Event "ch-FRA Blitz Online Qual"]
[Site "Europe-Chess INT"]
[Date "2020.05.16"]
[Round "14"]
[White "Remtoula, Naushad"]
[Black "Colette, Thierry"]
[Result "0-1"]
[WhiteElo "1126"]
[BlackElo "1411"]
[WhiteFideId "551060019"]
[BlackFideId "36056758"]
[EventDate "2020.05.16"]

1. c4 e6 2. g3 Nf6 3. Bg2 d5 4. cxd5 exd5 5. e3 Be7 6. Ne2 O-O 7. Nbc3 c6 8. d4
Be6 9. Nf4 Bd7 10. Nh5 Nxh5 11. Qxh5 Bf6 12. Bf1 Qc8 13. Bd3 h6 14. e4 Bxd4 15.
exd5 Bxc3+ 16. Kd1 Bf6 17. Bxh6 Bg4+ 18. Qxg4 Qxg4+ 19. Be2 Qd4+ 20. Ke1 gxh6
21. Rd1 Qb4+ 22. Kf1 cxd5 23. h4 Nc6 24. g4 Qxb2 25. g5 hxg5 26. hxg5 Bxg5 27.
Rd3 Nb4 28. Rg3 f6 29. f4 Kf7 30. Rh7+ Ke6 31. Re3+ Kd6 32. fxg5 fxg5+ 33. Bf3
Qc1+ 34. Kg2 Qxe3 35. Rh6+ Kc5 36. Rh7 Qxf3+ 37. Kh2 Qf2+ 38. Kh3 Qf3+ 39. Kh2
Qf2+ 40. Kh3 Rf3+ 41. Kg4 Qg3+ 42. Kh5 Qh3+ 43. Kg6 Rg8+ 44. Rg7 Rxg7+ 45. Kxg7
g4 46. Kg6 g3 47. Kg7 g2 48. Kg6 g1=Q# 0-1

[Event "ch-FRA Blitz Online Qual"]
[Site "Europe-Chess INT"]
[Date "2020.05.16"]
[Round "14"]
[White "Manvieu, Paul"]
[Black "Rieger, Emmanuel"]
[Result "1-0"]
[WhiteElo "1018"]
[BlackElo "1306"]
[WhiteFideId "651000482"]
[BlackFideId "551000091"]
[EventDate "2020.05.16"]

1. e4 e5 2. Nf3 Nc6 3. d4 exd4 4. Nxd4 Nxd4 5. Qxd4 d6 6. Nc3 c5 7. Qc4 Be6 8.
Qd3 Nf6 9. g3 Be7 10. Bg2 O-O 11. e5 dxe5 12. Qxd8 Raxd8 13. Bxb7 Rd7 14. Bc6
Rd6 15. Bg2 Rfd8 16. O-O Bc4 17. Re1 Re6 18. b3 Ba6 19. Bb2 Rd2 20. Rac1 c4 21.
Red1 Rxd1+ 22. Rxd1 Bb4 23. Rd8+ Ne8 24. Ra8 Bc5 25. Bd5 Re7 26. Bxc4 Bb7 27.
Rb8 Bd6 28. Rd8 Bf3 29. Nd5 Re6 30. Nc7 Bxc7 31. Bxe6 Bxd8 32. Bd7 Nd6 33. Bxe5
Ne4 34. Bc6 Bb6 35. c4 Bxf2+ 36. Kf1 Be3 37. Bf4 Nd2+ 38. Ke1 Bxf4 39. gxf4 Bxc6
40. Kxd2 f5 41. Ke3 Kf7 42. Kd4 g6 43. b4 Ke6 44. b5 Bb7 45. c5 Kd7 46. c6+ Kc7
47. cxb7 Kxb7 48. Kc5 h5 49. a4 a6 50. bxa6+ Kxa6 51. Kd4 Kb6 52. Ke5 1-0